Statistics for Disney Song Synonyms

Click here to take the quiz!

General Stats

  • This quiz has been taken 67 times
  • The average score is 9 of 15

Answer Stats

HintAnswer% Correct
Beneath the OceanUnder the Sea
95%
An Entire Unfamiliar PlanetA Whole New World
93%
Smooch the LadyKiss the Girl
93%
Be Our TenantBe Our Guest
92%
No Worries For the Rest of Your DaysHakuna Matata
80%
When Will My Being CommenceWhen Will My Life Begin
75%
Do You Sense the Fondness This Evening?Can You Feel the Love Tonight
74%
I Observe the ShineI See the Light
72%
Affection Is an Accessible HatchwayLove Is an Open Door
72%
Chromaticity of the BreezeColors of the Wind
57%
No ProblemYou're Welcome
26%
BeautifulBelle
20%
Groundward in the Big EasyDown in New Orleans
16%
Nada to SavoirZero To Hero
15%
The IlluminationThe Glow
8%

Score Distribution

Percentile by Number Answered

Percent of People with Each Score

Your Score History

You have not taken this quiz